Statistics for Capitals Closest to an Unknown World Capital by Picture #1

Click here to take the quiz!

General Stats

  • This quiz has been taken 30 times
  • The average score is 7 of 20

Answer Stats

Answer% Correct
Abu Dhabi
73%
Baghdad
64%
Riyadh
55%
Doha
50%
Manama
50%
Tehran
50%
Islamabad
41%
Baku
36%
Kuwait City
36%
Muscat
36%
Amman
32%
New Delhi
32%
Sana'a
32%
Kabul
27%
Asmara
23%
Djibouti
23%
Dushanbe
23%
Yerevan
23%
Tashkent
18%
Ashgabat
9%

Score Distribution

Percentile by Number Answered

Percent of People with Each Score

Your Score History

You have not taken this quiz